000 00434nam a2200169Ia 4500
008 131103s9999 xx 000 0 und d
040 _aLoreto College
041 _aEnglish
082 _a823.8/TRO
_bLCLIB
100 _atrollope, Anthony
245 4 _aThe Warden
_cAnthony Trollope
260 _aEngland
_bPenguin Books
_c1945
300 _a174p.
_c 18cm.
650 _aEnglish fiction
850 _aLCLIB/823.8/TRO
942 _cBK
999 _c22277
_d72756